000 00432cam a2200169ua 4500
001 5648
008 131007n ii |||gr||||Z||||||eng
040 _cMAIN
082 _a954.162
245 _aAsamar Buranji
_cBy Padmanath Gohain Barua
250 _a3rd Ed.
260 _aGuwahati:
_bAssam Prakashan Parishad,
_c2008.
653 _aHistory
653 _aAsamar Buranji
700 _aGohain Barua,Padmanath,
_eAuthor.
942 _cBK
999 _c4807
_d4807